00402nam a2200169Ia 4500003000400000005001700004008004100021040000700062041000800069082001600077100004000093245003000133260002900163300000900192650001200201700001900213OSt20260223143623.0250729s2005 xx 000 0 und d cAL akan a894.51 UPAB aಉಪಾಧ್ಯ ಜಿ ಎನ್ aಬದುಕು ಬರಹ aಮುಂಬಯಿc2005 a123p aKannada aRao Digumurthi